| 000 | 00888cab a2200277 4500 | ||
|---|---|---|---|
| 001 | ABS54042 | ||
| 008 | 090401t1995 xxu||||| |||| 00| 0 eng d | ||
| 035 | _a(Sirsi) u8065 | ||
| 041 | _aeng | ||
| 100 | _aHill, S. | ||
| 245 | 4 | _aThe Environment Act 1995 | |
| 260 | _c1995 | ||
| 350 | _a0 | ||
| 490 |
_aQuarry Management _vNovember 1995, 23-26(4) |
||
| 520 | _aConsiders the responsibilities mineral operators and owners have under the Environment Act 1995 and to Minerals Planning Authorities, including registering IDOs. Includes a table of relevant sections of the Act and key definitions. | ||
| 650 | _aENVIRONMENT ACT 1995 | ||
| 650 | _aINTERIM DEVELOPMENT ORDERS | ||
| 650 | _aMINERALS PLANNING | ||
| 650 | _aMPG14 | ||
| 650 | _aQUARRYING | ||
| 690 | _aMINING AND MINERALS | ||
| 700 | _aCathcart, A. | ||
| 700 | _aHambly, S. | ||
| 942 | _n0 | ||
| 948 | _c04/03/1997 | ||
| 999 |
_c4915 _d4915 |
||